000 00704nam a2200253Ia 4500
003 OSt
005 20220918164543.0
006 a|||||r|||| 00| 0
007 ta
008 220917b |||||||| |||| 00| 0 eng d
020 _a0674902068
024 _a37,873
037 _cTextual
040 _aARTS
_cARTS
_beng
041 _2eng
_aeng
082 _aO13,2C50:g, 111M1
100 _aSegal Charles
_919432
245 0 _aTragedy and civilzation
_b an interpretation of Sopholes
260 _aCambridge
_bHarvard Univ Press
_c1981
300 _a506p.
_ccm.
650 _aENGLISH LITERATURE
942 _hO13,2C50:g, 111M1
_cTEXL
_2CC
999 _c125282
_d125282